MARC

LEADER 00000nam0a2200000 4500
001 72646
005 20231031083732.0
035 |a (RuTPU)RU\TPU\book\77473 
090 |a 72646 
100 |a 20050128d1976 k y0rusy50 ca 
101 0 |a rus 
102 |a RU 
105 |a a z 000zy 
200 1 |a Металлы высокой чистоты  |f Академия Наук СССР; Институт физики твердого тела; Под ред. Ч. В. Копецкого 
210 |a Москва  |c Наука  |d 1976 
215 |a 262 с.  |c ил. 
320 |a Библиография в конце статей 
610 1 |a высокочистые металлы 
610 1 |a свойства 
610 1 |a исследования 
610 1 |a получение 
610 1 |a соединения 
610 1 |a использование 
675 |a 669.054  |v 3 
702 1 |a Копецкий  |b Ч. В.  |4 340 
712 0 2 |a Академия наук СССР (АН СССР)  |b Институт физики твердого тела (ИФТТ)  |c (Черноголовка)  |2 stltpush  |3 (RuTPU)RU\TPU\col\14423 
801 1 |a RU  |b 63413507  |c 20050128  |g PSBO 
801 2 |a RU  |b 63413507  |c 20140130  |g PSBO 
942 |c BK